[Event "33rd World U20 ch"]
[Site "Matinhos BRA"]
[Date "1994.09.??"]
[Round "5"]
[White "Relange, Eloi"]
[Black "Jaracz, Pawel"]
[Result "1-0"]
[WhiteElo "2445"]
[BlackElo "2415"]
[EventDate "1994.09.03"]
[PlyCount "77"]

1.d4 Nf6 2.c4 e6 3.Nc3 Bb4 4.Qc2 O-O 5.a3 Bxc3+ 6.Qxc3 b6 7.g3 Bb7 8.Nf3 
d6 9.Bg2 Nbd7 10.O-O Qe7 11.b3 e5 12.d5 h6 13.Nh4 Nh7 14.e4 Kh8 15.Nf5 Qf6
16.Bb2 Rae8 17.f4 Bc8 18.b4 Rg8 19.Qc2 Qd8 20.Rae1 f6 21.Nh4 g5 22.Nf5 Rg6
23.Bf3 g4 24.Bd1 h5 25.h3 exf4 26.gxf4 gxh3+ 27.Kh1 Rg2 28.Re2 Reg8 29.
Ref2 Qe8 30.Bf3 Rxf2 31.Qxf2 Ba6 32.Rc1 Qg6 33.Kh2 h4 34.Qxh4 Qe8 35.Qxh3 
Qd8 36.Nh6 Rg7 37.Bg4 Qe8 38.Bf5 Ndf8 39.Ng4 1-0

[Event "33rd World U20 ch"]
[Site "Matinhos BRA"]
[Date "1994.09.??"]
[Round "5"]
[White "Gabriel, Christian"]
[Black "Kovacevic, Blazimir"]
[Result "1-0"]
[WhiteElo "2545"]
[BlackElo "2315"]
[EventDate "1994.09.03"]
[PlyCount "51"]

1.d4 e6 2.Nf3 Nf6 3.c4 Bb4+ 4.Bd2 Qe7 5.g3 O-O 6.Bg2 Bxd2+ 7.Qxd2 d6 8.O-O
e5 9.Nc3 Re8 10.e4 Bg4 11.Ne1 exd4 12.Qxd4 a5 13.f4 Bd7 14.Nc2 Nc6 15.Qd2 
Nb4 16.Ne3 Bc6 17.Rae1 Qd7 18.Ned5 Bxd5 19.cxd5 c6 20.a3 Na6 21.e5 dxe5 
22.fxe5 Nxd5 23.Nxd5 Rad8 24.Rd1 cxd5 25.Bxd5 Re7 26.Qxa5 1-0

[Event "33rd World U20 ch"]
[Site "Matinhos BRA"]
[Date "1994.09.??"]
[Round "5"]
[White "Barria Zuniga, Daniel"]
[Black "Iordachescu, Viorel"]
[Result "1/2-1/2"]
[WhiteElo "2340"]
[BlackElo "2435"]
[EventDate "1994.09.03"]
[PlyCount "87"]

1.e4 g6 2.d4 Bg7 3.f4 d5 4.e5 Nh6 5.Nf3 O-O 6.Be2 c5 7.dxc5 Qa5+ 8.Nc3 Rd8
9.O-O Qxc5+ 10.Qd4 Qxd4+ 11.Nxd4 Nf5 12.Nxf5 Bxf5 13.Bd3 Bxd3 14.cxd3 Nc6 
15.Rd1 Nd4 16.Bd2 e6 17.Rac1 f6 18.exf6 Bxf6 19.Re1 Rac8 20.Kf2 Kf7 21.Ne2
Nc6 22.Bc3 Be7 23.d4 Bf6 24.Ke3 b5 25.Bd2 h5 26.Kd3 Ne7 27.Rxc8 Rxc8 28.
Rc1 Rxc1 29.Bxc1 Nf5 30.Bd2 Nh4 31.g3 Nf3 32.h3 Be7 33.Ke3 Nxd2 34.Kxd2 
Kf6 35.Ke3 Bd8 36.Nc3 a6 37.Kf3 Ba5 38.Nd1 Bd2 39.Nf2 g5 40.fxg5+ Kxg5 41.
Nd3 Kf5 42.Nf4 Bc1 43.Nd3 Bd2 44.Nf4 1/2-1/2

[Event "33rd World U20 ch"]
[Site "Matinhos BRA"]
[Date "1994.09.??"]
[Round "5"]
[White "Gretarsson, Helgi Ass"]
[Black "Pcola, Pavol"]
[Result "0-1"]
[WhiteElo "2450"]
[BlackElo "2280"]
[EventDate "1994.09.03"]
[PlyCount "122"]

1.d4 d5 2.c4 c6 3.cxd5 cxd5 4.Nf3 Nf6 5.Nc3 Nc6 6.Bf4 Bf5 7.e3 e6 8.Qb3 
Bb4 9.Bb5 O-O 10.O-O Bxc3 11.Qxc3 Rc8 12.Rfc1 Qb6 13.Qc5 Qxc5 14.dxc5 Ne4 
15.Nd4 g5 16.Bxc6 bxc6 17.Be5 f6 18.Nxf5 exf5 19.Bd4 g4 20.Rc2 Kf7 21.Kf1 
Rb8 22.Ke2 Rb7 23.Rf1 Ng5 24.Kd3 Ne6 25.f3 Re8 26.fxg4 Nxd4 27.exd4 fxg4 
28.Rff2 h5 29.Rfe2 Reb8 30.Kc3 Rb4 31.b3 a5 32.Rb2 a4 33.g3 axb3 34.axb3 
f5 35.Re1 R4b7 36.b4 Kf6 37.Re5 Ra7 38.Ree2 Ra1 39.Rb3 Rf1 40.Rbb2 Rf3+ 
41.Kd2 f4 42.gxf4 Rxf4 43.Ke3 Rf3+ 44.Kd2 h4 45.Ke1 g3 46.hxg3 hxg3 47.Kd2
Kf5 48.Ke1 Rd3 49.Re7 Rxd4 50.Rf7+ Kg6 51.Rc7 Rh8 52.Rb3 Rg4 53.Rxc6+ Kg5 
54.Rc7 Rh1+ 55.Ke2 g2 56.Rg7+ Kh5 57.Rg3 g1=Q 58.Rxg1 Rhxg1 59.Rb7 Rc4 60.
Rd7 Rxb4 61.Rxd5+ Kg6 0-1

[Event "33rd World U20 ch"]
[Site "Matinhos BRA"]
[Date "1994.09.??"]
[Round "5"]
[White "Singh, Gurpreetpal"]
[Black "Sergejev, Roman"]
[Result "1/2-1/2"]
[WhiteElo "2350"]
[BlackElo "2370"]
[EventDate "1994.09.03"]
[PlyCount "118"]

1.e4 d5 2.exd5 Nf6 3.c4 e6 4.dxe6 Bxe6 5.d4 Bb4+ 6.Nc3 Ne4 7.Qd3 Bf5 8.Ne2
O-O 9.Qf3 Re8 10.Be3 Nxc3 11.bxc3 Be4 12.Qh5 Ba3 13.Qa5 Bd6 14.Ng3 b6 15.
Qa4 Bc6 16.Qc2 Bf4 17.d5 Bd7 18.Bd3 Bxe3 19.fxe3 Rxe3+ 20.Kf2 Qg5 21.Rhf1 
h6 22.Ne4 Qf4+ 23.Kg1 Qh4 24.g3 Qe7 25.Kf2 Rxd3 26.Qxd3 Bh3 27.Rfe1 Nd7 
28.d6 cxd6 29.Qxd6 Qxd6 30.Nxd6 Be6 31.Rad1 Nc5 32.Rd4 a6 33.Ne4 Na4 34.
Rb1 f5 35.Nd2 b5 36.cxb5 axb5 37.Rxb5 Nxc3 38.Re5 Kf7 39.a4 Nxa4 40.Rd6 
Re8 41.Nf3 Nb2 42.Rb5 Nc4 43.Ra6 Rd8 44.Rb7+ Kf6 45.Rc7 Rd6 46.Rxd6 Nxd6 
47.Rc6 Ke7 48.Nd4 Bf7 49.Ke3 g6 50.Ra6 Bc4 51.Nc6+ Kf6 52.Rb6 Nc8 53.Rb8 
Nd6 54.Kd4 Be6 55.Rf8+ Kg7 56.Rd8 Nf7 57.Rb8 Kf6 58.Rb6 g5 59.Kc5 Ne5 
1/2-1/2

[Event "33rd World U20 ch"]
[Site "Matinhos BRA"]
[Date "1994.09.??"]
[Round "5"]
[White "Pelletier, Yannick"]
[Black "Milanovic, Danilo"]
[Result "1-0"]
[WhiteElo "2350"]
[BlackElo "2325"]
[EventDate "1994.09.03"]
[PlyCount "90"]

1.d4 Nf6 2.c4 c5 3.d5 b5 4.cxb5 a6 5.e3 d6 6.Nc3 g6 7.a4 Bg7 8.Nf3 O-O 9.
Bd2 Nbd7 10.Qb3 Bb7 11.a5 axb5 12.Bxb5 Qb8 13.Ra3 Rd8 14.Bc6 Bxc6 15.dxc6 
Nf8 16.Qb6 Rc8 17.Nb5 Qxb6 18.axb6 Rxa3 19.b7 Raa8 20.Na7 Rcb8 21.bxa8=Q 
Rxa8 22.c7 Rxa7 23.c8=Q Ra1+ 24.Ke2 Rxh1 25.Be1 Nd7 26.b3 Ne5 27.Nxe5 Bxe5
28.f4 Bf6 29.Qh3 Ne6 30.g3 Kg7 31.Qg2 Rxe1+ 32.Kxe1 g5 33.Qd5 h6 34.Ke2 
Nc7 35.Qb7 Ne6 36.Kf3 Nf8 37.Qc8 Nh7 38.e4 Nf8 39.e5 dxe5 40.f5 e4+ 41.
Kxe4 e6 42.g4 h5 43.h3 hxg4 44.hxg4 Bd4 45.b4 e5 1-0

[Event "33rd World U20 ch"]
[Site "Matinhos BRA"]
[Date "1994.09.??"]
[Round "5"]
[White "Szuhanek, Ranko"]
[Black "Cukier, Marcelo"]
[Result "1-0"]
[WhiteElo "2350"]
[BlackElo "2290"]
[EventDate "1994.09.03"]
[PlyCount "83"]

1.c4 c5 2.Nf3 Nc6 3.g3 g6 4.Bg2 Bg7 5.O-O e5 6.d3 Nge7 7.Nc3 O-O 8.Rb1 d6 
9.a3 f5 10.Nd5 h6 11.b4 g5 12.Nd2 Rb8 13.Bb2 Kh8 14.Bc3 Be6 15.b5 Nd4 16.
e3 f4 17.exd4 cxd4 18.Nxe7 Qxe7 19.Bb4 g4 20.Re1 f3 21.Nxf3 gxf3 22.Bxf3 
Rbd8 23.Be4 Rf6 24.Qh5 Qd7 25.Bd2 Kg8 26.Rb2 Bf8 27.f3 Qg7 28.Bc1 Rd7 29.
Rg2 Kh8 30.g4 Bf7 31.Qh4 Be7 32.g5 Re6 33.Bf5 Rc7 34.Qh3 Rg6 35.Bxg6 Bxg6 
36.f4 Qh7 37.fxe5 h5 38.Bf4 Bf5 39.Qf3 Rd7 40.exd6 Bxd6 41.Bxd6 Rxd6 42.
Re8+ 1-0

[Event "33rd World U20 ch"]
[Site "Matinhos BRA"]
[Date "1994.09.??"]
[Round "5"]
[White "Fancsy, Imre"]
[Black "Dias, Anderson Tatsch"]
[Result "1/2-1/2"]
[WhiteElo "2415"]
[BlackElo "2190"]
[EventDate "1994.09.03"]
[PlyCount "79"]

1.Nf3 d6 2.d4 g6 3.g3 Bg7 4.Bg2 Nf6 5.c4 O-O 6.Nc3 Nbd7 7.O-O e5 8.e4 c6 
9.h3 Qb6 10.c5 dxc5 11.dxe5 Ne8 12.Qc2 Nxe5 13.Nxe5 Bxe5 14.Na4 Qc7 15.
Nxc5 Ng7 16.Be3 Ne6 17.Nb3 Rd8 18.Rad1 Rxd1 19.Rxd1 Nf8 20.f4 Bf6 21.e5 
Be7 22.Qf2 b6 23.Nd4 Bb7 24.Nxc6 Bxc6 25.Rc1 Bc5 26.Bxc5 Bxg2 27.Qxg2 Rd8 
28.Be3 Qd7 29.Kh2 Rc8 30.Qd2 Qe6 31.Rxc8 Qxc8 32.a3 Qc4 33.Kg2 Qe4+ 34.Kh2
Qf3 35.Qf2 Qe4 36.g4 Ne6 37.Kg3 g5 38.fxg5 Qxe5+ 39.Kh4 Nf8 40.Kh5 1/2-1/2

[Event "33rd World U20 ch"]
[Site "Matinhos BRA"]
[Date "1994.09.??"]
[Round "5"]
[White "Pingitzer, Harald"]
[Black "Del Rio Angelis, Salvador Gabriel"]
[Result "1/2-1/2"]
[WhiteElo "2250"]
[BlackElo "2350"]
[EventDate "1994.09.03"]
[PlyCount "80"]

1.e4 e6 2.d4 d5 3.exd5 exd5 4.Bd3 c5 5.c3 Nc6 6.dxc5 Bxc5 7.Nf3 Nf6 8.O-O 
O-O 9.Nbd2 Bg4 10.Nb3 Bb6 11.Bg5 h6 12.Bf4 Ne4 13.h3 Bh5 14.g4 Qf6 15.Be3 
Bxe3 16.fxe3 Bg6 17.Bxe4 Bxe4 18.Nfd2 Qg5 19.Nxe4 dxe4 20.Qe2 f5 21.Nd4 
Nxd4 22.cxd4 fxg4 23.hxg4 Rf3 24.Rxf3 Qxg4+ 25.Qg2 Qxf3 26.Qxf3 exf3 27.
Kf2 Rf8 28.Rg1 g5 29.Rg3 Kg7 30.Rxf3 Rc8 31.Kg3 Kg6 32.e4 Rc4 33.Rd3 h5 
34.b3 Rc2 35.d5 h4+ 36.Kg4 Rg2+ 37.Kh3 Rc2 38.d6 Rc8 39.Kg4 Kf6 40.d7 Rd8 
1/2-1/2

[Event "33rd World U20 ch"]
[Site "Matinhos BRA"]
[Date "1994.09.??"]
[Round "5"]
[White "Nordahl, Helge"]
[Black "Mariano, Nelson"]
[Result "1/2-1/2"]
[WhiteElo "2245"]
[BlackElo "2345"]
[EventDate "1994.09.03"]
[PlyCount "157"]

1.d4 Nf6 2.c4 g6 3.Nc3 Bg7 4.e4 d6 5.f4 c5 6.d5 O-O 7.Nf3 e6 8.Be2 exd5 9.
cxd5 a6 10.e5 Ne8 11.O-O Nd7 12.e6 Ndf6 13.Ng5 fxe6 14.dxe6 Qe7 15.Bd3 d5 
16.f5 d4 17.Nce4 gxf5 18.Ng3 Nd6 19.Nxf5 Nxf5 20.Bxf5 h6 21.Nf7 Rxf7 22.
exf7+ Qxf7 23.Qf3 Qd5 24.Bxc8 Rxc8 25.Bxh6 Qxf3 26.Rxf3 Bxh6 27.Rxf6 Bg7 
28.Rd6 Rc7 29.Rc1 c4 30.g4 b5 31.h4 Re7 32.Kf2 Rf7+ 33.Kg2 d3 34.g5 Bxb2 
35.Re1 c3 36.g6 Rf8 37.Rxd3 c2 38.Rd6 c1=Q 39.Rxc1 Bxc1 40.Rxa6 Kg7 41.Rb6
Ra8 42.h5 Rxa2+ 43.Kg3 Ra3+ 44.Kg2 Kh6 45.Rxb5 Bg5 46.Rf5 Bh4 47.Kh2 Bg3+ 
48.Kg2 Be1 49.Kh2 Bb4 50.Kg2 Bd6 51.Kf2 Ra8 52.Kf3 Ba3 53.Kg3 Bb2 54.Kf3 
Ra6 55.Kg3 Ra1 56.Kg2 Bd4 57.Kf3 Rg1 58.Ke4 Bc3 59.Ke3 Bb2 60.Kf2 Bd4+ 61.
Kf3 Re1 62.Kg3 Bb2 63.Kf2 Rd1 64.Ke2 Rc1 65.Kf3 Rc3+ 66.Kf2 Ra3 67.Kg2 Bd4
68.Kh2 Ra8 69.Kg3 Ra6 70.Kf3 Bf6 71.Kg4 Bc3 72.Kf3 Bd2 73.Kg4 Ra4+ 74.Kf3 
Ra8 75.Kg4 Bc3 76.Kf3 Ra3 77.Kf2 Bd4+ 78.Kg2 Rb3 79.Kh2 1/2-1/2

[Event "33rd World U20 ch"]
[Site "Matinhos BRA"]
[Date "1994.09.??"]
[Round "5"]
[White "Goldgewicht, Lionel"]
[Black "Dominguez Diaz, Mauricio"]
[Result "1-0"]
[WhiteElo "2300"]
[BlackElo "2085"]
[EventDate "1994.09.03"]
[PlyCount "95"]

1.e4 e5 2.Nf3 Nc6 3.d4 exd4 4.Nxd4 Bc5 5.Be3 Qf6 6.c3 Nge7 7.g3 d5 8.Bg2 
dxe4 9.Nd2 Bxd4 10.cxd4 Bf5 11.Nxe4 Qg6 12.Nc3 O-O 13.O-O Rad8 14.d5 Ne5 
15.Qa4 c6 16.Bc5 Rfe8 17.Bxe7 Rxe7 18.Qxa7 Qh5 19.f3 Bd3 20.Rf2 Rde8 21.
Qd4 c5 22.Qxc5 Nd7 23.Qd4 Re1+ 24.Rxe1 Rxe1+ 25.Bf1 Ne5 26.Kg2 Rxf1 27.
Rxf1 Bxf1+ 28.Kxf1 Nxf3 29.Qf4 h6 30.h4 Ne5 31.Kg2 b6 32.d6 Nd7 33.Qe4 Nc5
34.Qe8+ Kh7 35.d7 Ne6 36.Qxe6 fxe6 37.d8=Q Qc5 38.Qd3+ Kg8 39.Qe4 Kf7 40.
Qb7+ Kg8 41.Qf3 b5 42.Qe2 Qc6+ 43.Qe4 Qd7 44.a3 Qd6 45.Qe2 Qc6+ 46.Kh2 g5 
47.hxg5 hxg5 48.Qxb5 1-0

[Event "33rd World U20 ch"]
[Site "Matinhos BRA"]
[Date "1994.09.??"]
[Round "5"]
[White "Russo, Guilherme"]
[Black "Meldrum, Andrew"]
[Result "0-1"]
[WhiteElo "2010"]
[BlackElo "2120"]
[EventDate "1994.09.03"]
[PlyCount "74"]

1.d4 e6 2.c4 f5 3.Nf3 Nf6 4.g3 d5 5.Bg2 c6 6.O-O Bd6 7.b3 Qe7 8.Bb2 O-O 9.
Ne5 Bd7 10.Nd2 Be8 11.Qc2 g5 12.f3 f4 13.Rfe1 Nbd7 14.e4 fxe3 15.Nf1 c5 
16.Nxe3 cxd4 17.Nxd7 Qxd7 18.Bxd4 e5 19.Bb2 d4 20.Nd1 Bg6 21.Qd2 Qf5 22.
Nf2 h5 23.Rad1 Rac8 24.Bc1 g4 25.f4 exf4 26.Bxb7 fxg3 27.hxg3 Rb8 28.Bg2 
Bb4 29.Qxd4 Bxe1 30.Rxe1 a5 31.Bb2 Rbd8 32.Qc3 Rd7 33.Ne4 Nxe4 34.Qh8+ Kf7
35.Qg7+ Ke8 36.Bxe4 Qf2+ 37.Kh1 Qxe1+ 0-1

[Event "33rd World U20 ch"]
[Site "Matinhos BRA"]
[Date "1994.09.??"]
[Round "6"]
[White "Spangenberg, Hugo"]
[Black "Gabriel, Christian"]
[Result "1/2-1/2"]
[WhiteElo "2530"]
[BlackElo "2545"]
[EventDate "1994.09.03"]
[PlyCount "90"]

1.Nf3 d5 2.d4 Nf6 3.Bg5 e6 4.e3 Be7 5.Bd3 Nbd7 6.Nbd2 O-O 7.O-O b6 8.c3 
Bb7 9.Qc2 h6 10.Bh4 c5 11.Ne5 Nxe5 12.dxe5 Nd7 13.Bg3 f6 14.exf6 Bxf6 15.
e4 Bg5 16.f4 Bh4 17.e5 c4 18.Bg6 Nc5 19.Nf3 Bxg3 20.hxg3 Bc6 21.b4 cxb3 
22.axb3 Be8 23.b4 Nb7 24.Nd4 Qe7 25.Ra6 Nd8 26.Bxe8 Qxe8 27.Qd3 Nc6 28.Nb5
Qd7 29.Rfa1 Rfd8 30.Nd6 Rf8 31.Rb1 Kh8 32.c4 dxc4 33.Qxc4 Ne7 34.b5 Nd5 
35.Rba1 Qe7 36.Qd4 Rfd8 37.R6a3 Rd7 38.Rf1 Nc7 39.Qe4 Rf8 40.g4 Ne8 41.Rd3
Nxd6 42.Qc6 Rfd8 43.Rfd1 Qh4 44.Qf3 Qe7 45.Qc6 Qh4 1/2-1/2

[Event "33rd World U20 ch"]
[Site "Matinhos BRA"]
[Date "1994.09.??"]
[Round "6"]
[White "Georgiev, Vladimir"]
[Black "Oratovsky, Michael"]
[Result "1-0"]
[WhiteElo "2400"]
[BlackElo "2520"]
[EventDate "1994.09.03"]
[PlyCount "80"]

1.e4 c5 2.Nf3 e6 3.d4 cxd4 4.Nxd4 a6 5.Nc3 b5 6.Bd3 Qb6 7.Nb3 Qc7 8.Be3 
Bb7 9.Qe2 Nf6 10.f3 h5 11.Qf2 Nc6 12.Bb6 Qb8 13.O-O-O Be7 14.Kb1 d6 15.f4 
Nd7 16.Be3 Qc7 17.Rhe1 Bf6 18.e5 dxe5 19.Bxb5 axb5 20.Nxb5 Qb8 21.Nd6+ Kf8
22.Qd2 exf4 23.Bxf4 Nce5 24.Qf2 Bd5 25.Rxe5 Nxe5 26.Bxe5 Qa7 27.Qxa7 Rxa7 
28.Bxf6 gxf6 29.g3 Bxb3 30.axb3 Rd7 31.c4 Ke7 32.c5 Rb8 33.Rd3 Rc7 34.Rc3 
Rb4 35.Ka2 Ra7+ 36.Kb1 Rc7 37.Ka2 Ra7+ 38.Kb1 Ra8 39.Kc2 Ra1 40.Rd3 Ra8 
1-0

[Event "33rd World U20 ch"]
[Site "Matinhos BRA"]
[Date "1994.09.??"]
[Round "6"]
[White "Relange, Eloi"]
[Black "Nalbandian, Tigran"]
[Result "1/2-1/2"]
[WhiteElo "2445"]
[BlackElo "2455"]
[EventDate "1994.09.03"]
[PlyCount "111"]

1.d4 Nf6 2.c4 g6 3.g3 Bg7 4.Bg2 O-O 5.Nc3 d6 6.Nf3 Nbd7 7.O-O e5 8.e4 Re8 
9.h3 exd4 10.Nxd4 Nc5 11.Re1 a6 12.Rb1 Bd7 13.b4 Ne6 14.Be3 Qc8 15.Nde2 a5
16.a3 axb4 17.axb4 h6 18.f4 Nf8 19.Kh2 Bf5 20.Qd3 Nxe4 21.Nxe4 Qe6 22.Nd4 
Bxe4 23.Nxe6 Bxd3 24.Nxc7 Bxb1 25.Rxb1 Rxe3 26.Nxa8 Re2 27.Kh1 Re7 28.Nb6 
Bd4 29.Nd5 Re2 30.Rd1 Ne6 31.f5 gxf5 32.Ne7+ Kf8 33.Nxf5 Be5 34.Bxb7 Rf2 
35.Nxh6 Bxg3 36.Ng4 Rb2 37.Rg1 Bh4 38.b5 Nf4 39.Bg2 Bd8 40.Bf1 Nh5 41.Rg2 
Rb1 42.Rf2 Bb6 43.Rf3 Kg7 44.Kh2 Rb2+ 45.Bg2 Re2 46.Kh1 f5 47.Nh2 Rc2 48.
Nf1 Kf6 49.Ne3 Rc1+ 50.Kh2 Kg6 51.Nxf5 Bg1+ 52.Kh1 Bc5+ 53.Bf1 Kg5 54.Kh2 
Rc2+ 55.Kh1 Rc1 56.Kh2 1/2-1/2

[Event "33rd World U20 ch"]
[Site "Matinhos BRA"]
[Date "1994.09.??"]
[Round "6"]
[White "Vescovi, Giovanni"]
[Black "Al-Modiahki, Mohamad"]
[Result "1-0"]
[WhiteElo "2455"]
[BlackElo "2370"]
[EventDate "1994.09.03"]
[PlyCount "80"]

1.e4 c5 2.Nf3 e6 3.d4 cxd4 4.Nxd4 Nc6 5.Nb5 d6 6.c4 Nf6 7.N1c3 a6 8.Na3 d5
9.exd5 exd5 10.cxd5 Nb4 11.Bc4 Bg4 12.Be2 Bxe2 13.Qxe2+ Qe7 14.Bg5 Nd3+ 
15.Kd2 Qxe2+ 16.Kxe2 Nxb2 17.Bxf6 gxf6 18.Nc2 Rc8 19.Rhe1 Kd8 20.Rab1 Nc4 
21.Ne4 f5 22.Ng3 f4 23.Nf5 b5 24.Ncd4 Kd7 25.Red1 Bc5 26.Kf3 Rhg8 27.h4 
Rce8 28.Nc6 Rg6 29.Rbc1 Rf6 30.Ng7 Rg8 31.Nh5 Rf5 32.Nxf4 Bxf2 33.Rxc4 
bxc4 34.g4 Rf6 35.Ne5+ Ke7 36.g5 Rxf4+ 37.Kxf4 Bxh4 38.Nxc4 Bxg5+ 39.Kf5 
h6 40.Ne5 Rb8 1-0

[Event "33rd World U20 ch"]
[Site "Matinhos BRA"]
[Date "1994.09.??"]
[Round "6"]
[White "Pelletier, Yannick"]
[Black "Votava, Jan"]
[Result "1/2-1/2"]
[WhiteElo "2350"]
[BlackElo "2410"]
[EventDate "1994.09.03"]
[PlyCount "91"]

1.d4 Nf6 2.c4 c5 3.d5 b5 4.cxb5 a6 5.e3 Bb7 6.Nc3 axb5 7.Bxb5 Qa5 8.Bd2 
Qb6 9.Bc4 e6 10.Qb3 Qxb3 11.Bxb3 exd5 12.Nge2 Na6 13.O-O-O Nc7 14.Be1 Bc6 
15.Nf4 c4 16.Bc2 Bc5 17.a3 O-O 18.Rg1 Rfe8 19.g4 d4 20.exd4 Bd6 21.Bd2 Bf3
22.g5 Nfd5 23.Nfxd5 Nxd5 24.Nxd5 Bxd5 25.h4 Reb8 26.Rde1 Rf8 27.Be4 Bxe4 
28.Rxe4 f5 29.gxf6 Rxf6 30.Reg4 g6 31.h5 Kf7 32.d5 Rxf2 33.hxg6+ hxg6 34.
Rxc4 Rf5 35.Rg5 Rf2 36.Rcg4 Rg8 37.Rg2 Rf1+ 38.Kc2 Be7 39.R5g4 Bf6 40.Rc4 
Rf5 41.Rf4 Rc8+ 42.Kb1 Rc5 43.Rxf5 gxf5 44.Bb4 Rxd5 45.Kc2 Rd4 46.Re2 
1/2-1/2

[Event "33rd World U20 ch"]
[Site "Matinhos BRA"]
[Date "1994.09.??"]
[Round "6"]
[White "Iordachescu, Viorel"]
[Black "Dos Santos, Ramiro"]
[Result "1-0"]
[WhiteElo "2435"]
[BlackElo "2315"]
[EventDate "1994.09.03"]
[PlyCount "85"]

1.e4 e5 2.Nf3 Nc6 3.Bc4 Bc5 4.c3 Nf6 5.d3 d6 6.Bb3 h6 7.h3 a6 8.a4 Be6 9.
Bc2 d5 10.exd5 Bxd5 11.O-O O-O 12.Nbd2 Re8 13.Re1 Ba7 14.a5 Qd7 15.Qe2 Nh5
16.Nf1 Nf4 17.Bxf4 exf4 18.Qd1 Rxe1 19.Nxe1 Ne5 20.d4 Ng6 21.Nd2 Re8 22.
Nef3 c5 23.c4 Bxf3 24.Nxf3 Qd6 25.Bxg6 Qxg6 26.d5 Bb8 27.Qd2 Qd6 28.b3 Re4
29.Rc1 Qf6 30.Re1 Rxe1+ 31.Qxe1 Kf8 32.Qb1 g6 33.Nd2 Qd4 34.Ne4 Bc7 35.b4 
cxb4 36.Qxb4+ Kg7 37.d6 Bd8 38.Qxb7 Qxc4 39.Qb2+ f6 40.Qb7+ Kf8 41.Qa8 Kf7
42.Qxd8 Qxe4 43.Qc7+ 1-0

[Event "33rd World U20 ch"]
[Site "Matinhos BRA"]
[Date "1994.09.??"]
[Round "6"]
[White "Jaracz, Pawel"]
[Black "Escobedo Tinajero, Alberto"]
[Result "1/2-1/2"]
[WhiteElo "2415"]
[BlackElo "2325"]
[EventDate "1994.09.03"]
[PlyCount "46"]

1.c4 e5 2.Nc3 Nc6 3.g3 d6 4.Bg2 Be6 5.d3 f5 6.Nf3 h6 7.Rb1 g5 8.b4 Nf6 9.
b5 Ne7 10.O-O Bg7 11.Nd2 Qc8 12.Qb3 O-O 13.Nd5 Ng6 14.Bb2 f4 15.d4 Nxd5 
16.cxd5 Bh3 17.dxe5 Bxg2 18.Kxg2 fxg3 19.hxg3 Qg4 20.f3 Nf4+ 21.Kf2 Nh3+ 
22.Kg2 Nf4+ 23.Kf2 Nh3+ 1/2-1/2

[Event "33rd World U20 ch"]
[Site "Matinhos BRA"]
[Date "1994.09.??"]
[Round "6"]
[White "Nordahl, Helge"]
[Black "Gretarsson, Helgi Ass"]
[Result "1/2-1/2"]
[WhiteElo "2245"]
[BlackElo "2450"]
[EventDate "1994.09.03"]
[PlyCount "61"]

1.d4 d5 2.c4 c6 3.cxd5 cxd5 4.Nf3 Nc6 5.Nc3 Nf6 6.Bf4 a6 7.Ne5 Qb6 8.Nxc6 
bxc6 9.a3 Qxb2 10.Na4 Qb5 11.Rb1 Qa5+ 12.Bd2 Qd8 13.Nb6 Rb8 14.Nxc8 Qxc8 
15.Rxb8 Qxb8 16.e3 e6 17.Bxa6 Bxa3 18.Qa4 Qb1+ 19.Ke2 Qxh1 20.Qxa3 Qxh2 
21.Bb7 Kd7 22.Bxc6+ Kxc6 23.Qa6+ Kd7 24.Qb5+ Kc8 25.Qa6+ Kd7 26.Qb5+ Kd8 
27.Ba5+ Ke7 28.Bb4+ Kd8 29.Ba5+ Ke7 30.Bb4+ Kd8 31.Ba5+ 1/2-1/2

[Event "33rd World U20 ch"]
[Site "Matinhos BRA"]
[Date "1994.09.??"]
[Round "6"]
[White "Leitao, Rafael"]
[Black "Singh, Gurpreetpal"]
[Result "0-1"]
[WhiteElo "2335"]
[BlackElo "2350"]
[EventDate "1994.09.03"]
[PlyCount "76"]

1.d4 Nf6 2.c4 g6 3.Nc3 Bg7 4.e4 d6 5.Be2 O-O 6.Bg5 Na6 7.Qd2 e5 8.d5 c6 9.
h4 Qa5 10.h5 Nc5 11.Nh3 Nb3 12.axb3 Qxa1+ 13.Bd1 Bg4 14.O-O Bxd1 15.Rxd1 
Qa5 16.h6 Bh8 17.dxc6 bxc6 18.Bxf6 Bxf6 19.Qxd6 Bh4 20.b4 Qd8 21.Qxe5 Bf6 
22.Qc5 Qe7 23.Qxc6 Rfc8 24.Qa6 Bxc3 25.bxc3 Rd8 26.Rd5 Qh4 27.c5 Qxh6 28.
c4 Re8 29.c6 Qh4 30.c7 Qxe4 31.Qc6 Kg7 32.Kh2 Rac8 33.b5 Re7 34.Qd6 Rcxc7 
35.Rd4 Qe5+ 36.Qxe5+ Rxe5 37.Nf4 Rec5 38.Nd5 Rxc4 0-1

[Event "33rd World U20 ch"]
[Site "Matinhos BRA"]
[Date "1994.09.??"]
[Round "6"]
[White "Cukier, Marcelo"]
[Black "Milanovic, Danilo"]
[Result "0-1"]
[WhiteElo "2290"]
[BlackElo "2325"]
[EventDate "1994.09.03"]
[PlyCount "72"]

1.e4 c5 2.Nf3 Nc6 3.d4 cxd4 4.Nxd4 Nf6 5.Nc3 e5 6.Ndb5 d6 7.Bg5 a6 8.Na3 
b5 9.Nd5 Qa5+ 10.Bd2 Qd8 11.Bg5 Be7 12.Bxf6 Bxf6 13.c3 O-O 14.Nc2 Bg5 15.
h4 Bh6 16.g4 Bf4 17.Nxf4 exf4 18.Be2 Qf6 19.f3 Rd8 20.Qd2 d5 21.g5 Qe5 22.
O-O-O Be6 23.Nd4 dxe4 24.fxe4 Nxd4 25.cxd4 Qxe4 26.Bd3 Rac8+ 27.Kb1 Qd5 
28.b3 Bg4 29.Qxf4 Bxd1 30.Rxd1 Qd6 31.Qf5 g6 32.Qf3 Qxd4 33.Bc2 Qxh4 34.
Rf1 Rc7 35.Qf6 Qd4 36.Qxa6 Rxc2 0-1

[Event "33rd World U20 ch"]
[Site "Matinhos BRA"]
[Date "1994.09.??"]
[Round "6"]
[White "Vitor, Antonio"]
[Black "Fancsy, Imre"]
[Result "1-0"]
[WhiteElo "2195"]
[BlackElo "2415"]
[EventDate "1994.09.03"]
[PlyCount "55"]

1.d4 d5 2.Nf3 Nf6 3.e3 c5 4.dxc5 e6 5.b4 a5 6.c3 axb4 7.cxb4 b6 8.Bb5+ Bd7
9.Bxd7+ Nbxd7 10.a4 bxc5 11.b5 Bd6 12.Bb2 O-O 13.Nbd2 Bc7 14.O-O e5 15.e4 
Nxe4 16.Nxe4 dxe4 17.Nd2 e3 18.fxe3 Qh4 19.e4 Nf6 20.Qe2 Rfd8 21.Bc3 Ng4 
22.Nf3 Qh5 23.h3 Nf6 24.a5 Qg6 25.b6 Bb8 26.Rfe1 Nh5 27.Nxe5 Qg5 28.Qg4 
1-0

[Event "33rd World U20 ch"]
[Site "Matinhos BRA"]
[Date "1994.09.??"]
[Round "6"]
[White "Dias, Anderson Tatsch"]
[Black "Goldgewicht, Lionel"]
[Result "1/2-1/2"]
[WhiteElo "2190"]
[BlackElo "2300"]
[EventDate "1994.09.03"]
[PlyCount "36"]

1.d4 d5 2.Nf3 Nf6 3.Bg5 e6 4.c4 c6 5.Nc3 h6 6.Bxf6 Qxf6 7.Qb3 dxc4 8.Qxc4 
Nd7 9.g3 g6 10.Bg2 Bg7 11.O-O O-O 12.Rfd1 e5 13.dxe5 Nxe5 14.Qb4 a5 15.Qc5
Nxf3+ 16.Bxf3 Be6 17.Rac1 Rfe8 18.b3 Bf8 1/2-1/2

[Event "33rd World U20 ch"]
[Site "Matinhos BRA"]
[Date "1994.09.??"]
[Round "6"]
[White "Meldrum, Andrew"]
[Black "Barria Zuniga, Daniel"]
[Result "1/2-1/2"]
[WhiteElo "2120"]
[BlackElo "2340"]
[EventDate "1994.09.03"]
[PlyCount "43"]

1.d4 Nf6 2.Bg5 d6 3.Bxf6 exf6 4.e3 Be7 5.Bd3 O-O 6.Ne2 Re8 7.Nd2 Nd7 8.c3 
Nf8 9.Qc2 c6 10.Ng3 d5 11.a4 g6 12.O-O f5 13.Rfe1 Bd6 14.b4 f4 15.exf4 
Rxe1+ 16.Rxe1 Bxf4 17.Ndf1 b6 18.Ne3 Be6 19.b5 cxb5 20.Bxb5 Qd6 21.Qb3 Rd8
22.Bf1 1/2-1/2

[Event "33rd World U20 ch"]
[Site "Matinhos BRA"]
[Date "1994.09.??"]
[Round "7"]
[White "Miladinovic, Igor"]
[Black "Georgiev, Vladimir"]
[Result "1/2-1/2"]
[WhiteElo "2500"]
[BlackElo "2400"]
[EventDate "1994.09.03"]
[PlyCount "116"]

1.d4 d5 2.c4 c6 3.cxd5 cxd5 4.Nc3 Nf6 5.Bf4 Nc6 6.e3 Ne4 7.Bd3 Nxc3 8.bxc3
g6 9.Nf3 Bg7 10.O-O O-O 11.c4 dxc4 12.Bxc4 Bg4 13.Rb1 Na5 14.Be2 Rc8 15.
Qa4 Bf5 16.Rbc1 Qb6 17.Qa3 Rfe8 18.h3 Bf8 19.Qa4 Red8 20.Ne5 Rxc1 21.Rxc1 
Qb2 22.Re1 Qc3 23.Rf1 a6 24.Bg4 Bxg4 25.hxg4 f6 26.Nf3 b5 27.Qd1 e5 28.Bg3
Nc6 29.Qb1 Ba3 30.Bh4 Kg7 31.dxe5 Nxe5 32.Nd4 Re8 33.Qe4 Qc8 34.g5 fxg5 
35.Bxg5 Nf7 36.Qh4 Nxg5 37.Qxg5 Be7 38.Qd5 Bf6 39.Rd1 Re5 40.Qf3 Rc5 41.g3
Rh5 42.Qe4 Re5 43.Qf3 Rh5 44.Ne2 b4 45.Nf4 Rb5 46.Nd5 Bc3 47.e4 a5 48.e5 
Bxe5 49.Qe2 Qb8 50.Nc7 Bxc7 51.Rd7+ Kh6 52.Qe3+ Bf4 53.gxf4 Rf5 54.Qe7 Qh8
55.Kg2 Rh5 56.Kg3 Qc3+ 57.f3 Rh3+ 58.Kxh3 Qxf3+ 1/2-1/2

[Event "33rd World U20 ch"]
[Site "Matinhos BRA"]
[Date "1994.09.??"]
[Round "7"]
[White "Al-Modiahki, Mohamad"]
[Black "Spangenberg, Hugo"]
[Result "0-1"]
[WhiteElo "2370"]
[BlackElo "2530"]
[EventDate "1994.09.03"]
[PlyCount "76"]

1.e4 c5 2.Nf3 e6 3.d4 cxd4 4.Nxd4 a6 5.Bd3 Bc5 6.Nb3 Ba7 7.O-O Nc6 8.Qg4 
Nf6 9.Qg3 d6 10.Nc3 b5 11.Kh1 Bb7 12.a3 Rc8 13.f4 h5 14.f5 Ng4 15.fxe6 
fxe6 16.Ne2 Nce5 17.Ned4 Qe7 18.Bd2 Kd7 19.h3 Rc4 20.Bc3 Rcc8 21.Rad1 Rh6 
22.Qe1 Rg6 23.Bb4 Qg5 24.Bd2 Ne3 25.Rg1 N5g4 26.Bxe3 Nxe3 27.Rd2 e5 28.Nf3
Qf6 29.Re2 Nxg2 30.Nxe5+ dxe5 31.Rgxg2 Qf3 32.Kh2 Rcc6 33.Na5 Rcf6 34.Nxb7
Be3 35.Nc5+ Kc6 36.Nb3 Qf4+ 37.Kh1 Qf1+ 38.Qxf1 Rxf1+ 0-1

[Event "33rd World U20 ch"]
[Site "Matinhos BRA"]
[Date "1994.09.??"]
[Round "7"]
[White "Waitzkin, Joshua"]
[Black "Jaracz, Pawel"]
[Result "0-1"]
[WhiteElo "2415"]
[BlackElo "2415"]
[EventDate "1994.09.03"]
[PlyCount "58"]

1.e4 c5 2.Nf3 d6 3.d4 cxd4 4.Nxd4 Nf6 5.Nc3 a6 6.Bc4 e6 7.Bb3 Nbd7 8.f4 
Nc5 9.f5 Be7 10.O-O Bd7 11.Qf3 b5 12.fxe6 fxe6 13.Qg3 b4 14.Nce2 Ncxe4 15.
Qxg7 Rg8 16.Qh6 d5 17.Be3 Qc7 18.Nf4 Qd6 19.c4 bxc3 20.bxc3 O-O-O 21.c4 e5
22.c5 Nxc5 23.Rfc1 exf4 24.Bxf4 Qb6 25.Rab1 Qa7 26.Bxd5 Rg6 27.Bc4 Rdg8 
28.Qh4 Rxg2+ 29.Kh1 Rg1+ 0-1